| 000 -LEADER |
| fixed length control field |
00429nam a2200181Ia 4500 |
| 001 - CONTROL NUMBER |
| control field |
14541 |
| 003 - CONTROL NUMBER IDENTIFIER |
| control field |
GE_BSU |
| 008 - FIXED-LENGTH DATA ELEMENTS--GENERAL INFORMATION |
| fixed length control field |
181216s||||||||xx |||||||||||||| ||und|| |
| 040 ## - CATALOGING SOURCE |
| Transcribing agency |
GE_BSU |
| 080 ## - UNIVERSAL DECIMAL CLASSIFICATION NUMBER |
| Universal Decimal Classification number |
611(084.4) |
| 100 ## - MAIN ENTRY--PERSONAL NAME |
| Personal name |
Frohse,Franz; Brodel,Max; Schlossberg,Leon. |
| 245 ## - TITLE STATEMENT |
| Title |
Atlas of human anatomy |
| 260 ## - PUBLICATION, DISTRIBUTION, ETC. |
| Place of publication, distribution, etc. |
New York |
| 260 ## - PUBLICATION, DISTRIBUTION, ETC. |
| Date of publication, distribution, etc. |
1961 |
| 300 ## - PHYSICAL DESCRIPTION |
| Extent |
180p.ill.20cm. |
| 653 ## - INDEX TERM--UNCONTROLLED |
| Uncontrolled term |
Atlas of human anatomy |
| 942 ## - ADDED ENTRY ELEMENTS (KOHA) |
| Koha item type |
წიგნი |